|
|
|
|
| LEADER |
00000nam a2200000 a 4500 |
| 001 |
vtls001430507 |
| 003 |
SK-MaSNL |
| 005 |
20260302001852.0 |
| 008 |
251113s2000 RU a r rus |
| 020 |
|
|
|a 5935890014
|
| 035 |
|
|
|a SNK000385534
|
| 035 |
|
|
|a urn:nbn:sk:snk-amlrpm
|
| 035 |
|
|
|a urn:nbn:sk:snk-am00c9fr
|
| 035 |
|
|
|a E4A52558-F7AE-43C2-9234-5ED827D1B7E8
|
| 040 |
|
|
|a SNK
|b slo
|c SNK
|e AACR2
|
| 041 |
0 |
|
|a rus
|
| 044 |
|
|
|a RU
|
| 080 |
|
|
|a 882-32
|2 1981
|
| 080 |
|
|
|a 882-93
|2 1981
|
| 100 |
1 |
|
|a Stanjukovič, Konstantin Michajlovič
|4 aut
|9 638448
|
| 245 |
1 |
|
|a Maksimka ; Kucyj
|c K.M. Stanjukovič ; risunki Tat'jany Rusakovoj
|
| 260 |
|
|
|a Moskva
|b Avgust
|c 2000
|e Martin
|f Neografija
|
| 300 |
|
|
|a 63 s.
|b fareb. ilustr.
|c 28 cm
|
| 490 |
1 |
|
|a Rasskazy russkich pisatelej
|
| 650 |
0 |
7 |
|a poviedky pre deti, ruské
|2 SNK
|9 66349
|
| 700 |
1 |
|
|a Rusakova, Tat'jana O.
|4 ill
|9 638449
|
| 830 |
|
0 |
|a Rasskazy russkich pisatelej
|9 396957
|
| 919 |
|
|
|a 5-93589-001-4
|
| 999 |
|
|
|c 985688
|d 987618
|
| 952 |
|
|
|t P60, <03>, [BOOK], {603}
|a SNK
|b SNK
|y PREZ
|7 0
|p 17A0334365
|o snkSB 64664
|i snkKSP 2569/2002
|0 0
|1 0
|4 0
|d 2002-03-07
|f 1
|l 0
|r 2025-04-14 00:00:00
|w 2026-02-24
|